000
00256nam a2200121Ia 4500
100
_a
Niit
942
_c
BK
366
_f
10
654
_a
HTML Using Microsoft Front Page
245
_a
HTML Using Microsoft Front Page
260
_b
Niit
546
_a
ENGLISH
999
_c
24250
_d
24250